Proceedings of the Technical Symposium on Nutrition-Sensitive Agriculture : (Record no. 20863)

000 -LEADER
fixed length control field 00878cam a2200217 i 4500
020 ## - INTERNATIONAL STANDARD BOOK NUMBER
ISBN 9789843424907
040 ## - CATALOGING SOURCE
Transcribing agency DLC
082 ## - DEWEY DECIMAL CLASSIFICATION NUMBER
Classification number 334 ROM 2017 A042 Or.
245 10 - TITLE STATEMENT
Title Proceedings of the Technical Symposium on Nutrition-Sensitive Agriculture :
Remainder of title bringing Agriculture into the Dialogue for Improving Nutrition Outcomes /
246 18 - VARYING FORM OF TITLE
Title proper/short title Nutrition-sensitive agriculture (NSA)
300 ## - PHYSICAL DESCRIPTION
Number of Pages x, 130 pages :
Other physical details color illustrations, color map ;
Dimensions 30 cm.
490 0# - SERIES STATEMENT
Series statement NSA series ;
500 ## - GENERAL NOTE
General note Includes statistical tables.
520 ## - SUMMARY, ETC.
Summary, etc Contributed articles presented at the Symposium co-managed and supported by many national and international agencies.
650 #0 - SUBJECT ADDED ENTRY--TOPICAL TERM
Topical Term Nutrition policy
650 #0 - SUBJECT ADDED ENTRY--TOPICAL TERM
Topical Term Agriculture and state
700 1# - ADDED ENTRY--PERSONAL NAME
Personal name Bhattacharjee, Lalita,
710 2# - ADDED ENTRY--CORPORATE NAME
Corporate name or jurisdiction name as entry element Food and Agriculture Organization of the United Nations,
710 1# - ADDED ENTRY--CORPORATE NAME
Corporate name or jurisdiction name as entry element Bangladesh.
942 ## - ADDED ENTRY ELEMENTS (KOHA)
Koha item type ADB
952 ## - LOCATION AND ITEM INFORMATION (KOHA)
Withdrawn status [LOCAL, KOHA] 0
Holdings
Permanent Location Date acquired Koha item type Lost status Shelving location Barcode Current Location Full call number
Library Block A2022-12-28ADB A042a069582Library Block A334 ROM 2017 A042 Or.
មជ្ឈមណ្ឌលឯការនៃសាកលវិទ្យាល័យភូមិន្ទកសិកម្មចំការដូង

Powered by Koha